000 01048nam a2200301Ia 4500
001 Para_1349
003 CHAP
008 220125s1998 xx 000 0 und d
010 _a200057
040 _cCHAP
090 _aPA TESIS 1290
100 _aGómez Jaimes, Rafael
_949765
245 _aEvaluación del Metalaxyl M. en mezcla con clorotalonil y mancozeb para el control del tizón tardio del jitomate Phytophthora infestans (Mont), de Bary /
_c por Rafael Gómez Jaimes
260 _aChapingo, Méx. :
_b El autor
300 _a60 h.
502 _aTesis (Ing. Agr. Esp. en Parasitología Agrícola), UACh. Depto. Parasitología
650 _aFungicidas
_944044
650 _aPhytophthora infestans
_987925
650 _aTomate
_x enfermedades por hongos
_9113713
710 _aUACh. Departamento de Parasitología Agrícola
_9115877
901 _aPA TESIS 1290
902 _aA
905 _a0000001998 0000000000 00
910 _a1998
942 _cPARA
942 _cPARA
_d1
999 _c200057
_d200057